|
|
|
|
| LEADER |
00000nas a2200000 i 4500 |
| 001 |
ssj0001863440 |
| 003 |
WaSeSS |
| 005 |
20200512172242.0 |
| 006 |
m d |
| 007 |
cr n |
| 008 |
160409c20159999ch tr pss 0 0eng c |
| 010 |
|
|
|a 2017238242
|
| 022 |
|
|
|a 2410-9681
|l 2410-9681
|
| 035 |
|
|
|a (WaSeSS)ssj0001863440
|
| 040 |
|
|
|a AU@
|b eng
|c AU@
|d CUS
|d OCLCF
|d DKU
|d OCLCO
|d OCL
|d OCLCO
|d OCLCQ
|d OCLCO
|d Z5A
|d VT2
|d IUL
|d OCLCA
|d IUL
|d OCL
|d CUI
|d OCLCA
|d WaSeSS
|
| 042 |
|
|
|a pcc
|
| 043 |
|
|
|a a-cc---
|
| 050 |
|
|
|a HB1.C45
|
| 210 |
0 |
|
|a Contemp. Chin. polit. econ. strat. relat.
|
| 222 |
|
0 |
|a Contemporary Chinese political economy and strategic relations
|
| 245 |
0 |
0 |
|a Contemporary Chinese political economy and strategic relations
|h [electronic resource] :
|b an International Journal.
|
| 246 |
1 |
|
|a CCPS
|
| 260 |
|
|
|a Taiwan :
|b Institue of China and Asia-Pacific Studies, National Sun Yat-sen University
|
| 310 |
|
|
|a Three times a year
|
| 362 |
1 |
|
|a Began with vol. 1, no. 1 (April 2015).
|
| 506 |
|
|
|a License restrictions may limit access.
|
| 588 |
|
|
|a Deescription based on: Vol. 1, no. 1 (April 2015); title from journal's website, viewed May 5, 2017.
|
| 588 |
|
|
|a Latest issue consulted: Vol. 2, no. 3 (December 2016), viewed May 5, 2017.
|
| 650 |
|
0 |
|a Economics
|z China
|v Periodicals.
|
| 650 |
|
0 |
|a Economics
|z Taiwan
|v Periodicals.
|
| 650 |
|
0 |
|a International relations
|v Periodicals.
|
| 650 |
|
7 |
|a Economics.
|2 fast
|0 (OCoLC)fst00902116
|
| 650 |
|
7 |
|a International relations.
|2 fast
|0 (OCoLC)fst00977053
|
| 651 |
|
7 |
|a Taiwan.
|2 fast
|0 (OCoLC)fst01207854
|
| 651 |
|
7 |
|a China.
|2 fast
|0 (OCoLC)fst01206073
|
| 655 |
|
0 |
|a Electronic journals.
|
| 710 |
2 |
|
|6 880-01
|a Guo li Zhongshan da xue (Kaohsiung City, Taiwan).
|b Zhongguo yu ya tai qu yu yan jiu suo.
|
| 856 |
4 |
0 |
|z Full text available from Research Library: 04/01/2015 to present
|u https://search.proquest.com/publication/2042768
|
| 880 |
2 |
|
|6 710-01/$1
|a 國立中山大學.
|b 中國與亞太區域研究所.
|